000 00973nam a2200241 a 4500
001 57836
003 BD-RjUL
005 20211209080546.0
008 161212s2016 bg ||||| |||| 00| 0 ben d
020 _a9789848825259
_c: Tk. 250.00
035 _a(BD-RjUL)
040 _aBD-RjUL
_beng
_cBD-RjUL
041 _aeng
082 _223
_a954.91
_bDEP 2016
100 1 _aদেবসরকার, প্রিয়জিৎ
_9171779
245 1 0 _aপশ্চিম পাকিস্তানের শেষ রাজা /
_c প্রিয়জিৎ দেবসরকার, অনুবাদ : রইসুল হক বাহার
260 _aঢাকা :
_bবাতিঘর,
_c২০১৬
300 _a১৩৫ পৃ :
_bচিত্র ;
_c২০ সেমি.
651 _aপাকিস্তান
_xইতিহাস
_9171780
651 _aPakisthan
_xHistory
_9171781
700 _aবাহার, রইসুল হক
_9171782
942 _2ddc
_cBK
999 _c57836
_d57836